| 000 | 00566nam a2200229 a 4500 | ||
|---|---|---|---|
| 001 | 0001-1404 | ||
| 003 | ELIB.Books | ||
| 008 | 160804 2010 eng | ||
| 020 | _a1576580199 | ||
| 035 | _a(ELIB.Books)0001-1559 | ||
| 092 |
_aB _bBen |
||
| 100 | _aBenge, Janet. | ||
| 245 | _aGladys Aylward: The Adventure of a Lifetime | ||
| 260 |
_aWaco _bYWAM Publishing _c2012 |
||
| 300 |
_a205 _c20.5 Cm |
||
| 650 | _aBiography | ||
| 856 |
_nKBTS Library _uKBTS: ELIB |
||
| 942 |
_2ddc _cBK |
||
| 990 | _a1 | ||
| 998 |
_cbat _e2016-08-04 |
||
| 999 |
_c11404 _d11404 |
||